000 00971nam a2200265Ia 4500
003 OSt
005 20221005111029.0
006 a|||||r|||| 00| 0
007 ta
008 221004b |||||||| |||| 00| 0 hin d
020 _a9788171190188 (hbk)
_c300
024 _a19953
037 _bBR8404, 21/03/2015, Rajkamal Prakashan Pvt. Ltd.
_cTextual
040 _aCRL
_cCRL
_bhin
041 _2hin
_ahin
082 _aO11195:g, 152N0
100 _aजैन, निर्मला
245 0 _aपाशचात्य साहित्य - चिन्तन
246 _aPāshachātya sāhitya - chintana
260 _aनई दिल्ली
_bराधाकृष्ण भारत
_c2013
300 _a194पृ0
_ccm.
650 _aहिन्दी साहित्य
942 _hO11195:g, 152N0
_cTEXL
_2cc
999 _c1020598
_d1020598